La Contabilidad (Registro nro. 16835)

Detalles MARC
000 -LEADER
fixed length control field 00316 a2200109 4500
001 - CONTROL NUMBER
control field ART_7120
005 - DATE AND TIME OF LATEST TRANSACTION
control field 20260410161719.0
008 - FIXED-LENGTH DATA ELEMENTS--GENERAL INFORMATION
fixed length control field 260409a
100 1# - MAIN ENTRY--PERSONAL NAME
Personal name García Casella, Carlos Luis
245 10 - TITLE STATEMENT
Title La Contabilidad
773 0# - HOST ITEM ENTRY
Title Contabilidad y auditoría
Related parts - Año 6, Nº 12 (dic. 2000)
Record control number REV1723

No hay ítems disponibles.